000
00273nam a2200109Ia 4500
001
588703
005
20250717120836.0
008
250717s9999 xx 000 0 und d
245
0
_a
Y-5 SELÇUKLU SULTANLARI
_c
AYDIN USTA
260
_b
YEDİTEPE YAYINLARI
_c
2020
300
_b
271
999
_c
588703
_d
588703